Normal view MARC view

Entry Personal Name

Number of records used in: 1

001 - CONTROL NUMBER

  • control field: 9158

003 - CONTROL NUMBER IDENTIFIER

  • control field: DLC

005 - DATE AND TIME OF LATEST TRANSACTION

  • control field: 20221003150519.0

008 - FIXED-LENGTH DATA ELEMENTS

  • fixed length control field: 090529n| acannaabn |n aaa

010 ## - LIBRARY OF CONGRESS CONTROL NUMBER

  • LC control number: nb2009013258

035 ## - SYSTEM CONTROL NUMBER

  • System control number: (Uk)007461697

040 ## - CATALOGING SOURCE

  • Original cataloging agency: Uk
  • Language of cataloging: eng
  • Transcribing agency: Uk

100 1# - HEADING--PERSONAL NAME

  • Personal name: Esslinger, Hans Michael

670 ## - SOURCE DATA FOUND

  • Source citation: Handbook of brewing, 2009:
  • Information found: t.p. (Hans Michael Esslinger) t.p. verso (Dr.; Freiberger Brauhaus AG, Freiberg, Germany)

Powered by Koha